| 000 | 01099nam a22002537a 4500 | ||
|---|---|---|---|
| 005 | 20101206113148.0 | ||
| 008 | 101206t xxu||||| |||| 00| 0 hin d | ||
| 010 | _aHIN-91364 | ||
| 020 |
_c400.00 _a9789380190662 |
||
| 035 | _aHN-63710 | ||
| 037 | _bDBAD/PUB | ||
| 040 |
_aDPL _bHN |
||
| 082 | _a613.7046 | ||
| 100 |
_924598 _aगणेश शंकर |
||
| 245 |
_aयोग एवं आहार / _cगणेश शंकर एवं बाबूलाल दायमा |
||
| 260 |
_aनई दिल्ली _bसत्यम पब्लिशिंग हाउस _c2011 |
||
| 270 |
_bनई दिल्ली _aएन-3/25, मोहन गार्डन _e110059 _k011- 25358642 _msatyampub_2006@yahoo.com |
||
| 300 |
_a167पृ. _c22सेमी (सजिल्द) |
||
| 650 | _91169 | ||
| 700 |
_924599 _aदायमा, बाबूलाल |
||
| 700 | _924924 | ||
| 942 |
_2ddc _cHN _mगणेश _h613.7046 |
||
| 999 |
_c49403 _d49403 |
||